Modern systems analysis and design

Guardado en:
Detalles Bibliográficos
Autores principales: Hoffer, Jeffrey A. (Autor), George, Joey F. (Autor), Valacich, Joseph (Autor)
Formato: Libro
Lenguaje:inglés
Publicado: Reading : Addison Wesley Longman Ltd, 1999
Edición:2 ed.
Materias:
Etiquetas: Agregar Etiqueta
Sin Etiquetas, Sea el primero en etiquetar este registro!

MARC

LEADER 00000nam a22000003a 4500
001 stu53826
005 20150617225700.7
008 000605s1999----xxu-----------------eng-d
020 |a 0-021-52610-7 
040 |a STU  |b slo 
041 0 |a eng 
044 |a xxu 
080 |a 681.32.01  |7 stu_us_auth*stu8217 
080 |a 519.7/.8 
084 |a C1210  |2 INS 
084 |a C6160  |2 INS  |7 stu_us_auth*stu16331 
084 |a C7104  |2 INS 
084 |a D2010  |2 INS 
100 1 |a Hoffer, Jeffrey A.  |4 aut 
245 1 |a Modern systems analysis and design 
250 |a 2 ed. 
260 |a Reading :  |b Addison Wesley Longman Ltd,  |c 1999 
300 |a 854 s 
650 7 |a AIS  |2 stusub 
650 7 |a systémová analýza  |2 stusub 
650 7 |a teória riadiacich systémov  |2 stusub 
650 7 |a automatizované informačné systémy  |2 stusub 
700 1 |a George, Joey F.  |4 aut 
700 1 |a Valacich, Joseph  |4 aut 
996 |b 284IK06276  |c I*20S5346  |l II680  |s A  |a 24  |w stu53826_0001